| 000 | 01926nam a22002657a 4500 | ||
|---|---|---|---|
| 999 |
_c63721 _d63721 |
||
| 003 | Ge_BSU | ||
| 005 | 20251215191812.0 | ||
| 008 | 251215s2021 ge ||||| |||| 00| 0 geo d | ||
| 020 | _a9789941975004 | ||
| 041 | _ageo | ||
| 080 | _a39(479.22)(06) :323.15.1(479.22)(063) ე-41 | ||
| 245 |
_aეთნოკულტურული მრავალფეროვნება და ინტერკულტურული კომუნიკაცია საქართველოში : _b(საერთაშორისო კონფერენციის მოხსენებათა კრებული) / _cრედაქტორი: ქეთევან ხუციშვილი, მირიან ხოსიტაშვილი. |
||
| 264 |
_aთბილისი : _b საქართველოს პარლამენტის ეროვნული ბიბლიოთეკა, _c2021. |
||
| 300 |
_a318 გვ. ; _b20 სმ. |
||
| 500 | _aრამოდენიმე მოხსენება ინგლისურ ენაზე. | ||
| 504 | _aბიბლიოგრაფია მოხსენებების ბოლოს. | ||
| 653 | _aსაქართველოს ეთნოგრაფია | ||
| 653 | _aეთნიკური უმცირესობები საქართველოში. | ||
| 700 |
_aCarole, Faucher _eავტორი _926514 |
||
| 700 |
_aხოსიტაშვილი, მირიან _e ავტორი,რედაქტორი _926515 |
||
| 700 |
_aჩოჩიშვილი, დავით _e ავტორი _926516 |
||
| 700 |
_aკაკიტელაშვილი, ქეთევან _eავტორი _916657 |
||
| 700 |
_aკალანდია, გიორგი და სხვ. _eავტორი _926517 |
||
| 942 |
_2udc _cᲬᲘᲒᲜᲘ |
||